000
00260nam a2200121Ia 4500
008
170620s9999 xx 000 0 und d
020
_a
9.78818E+12
100
_a
CHAUHAN J.P
245
0
_a
BCA MATHEMATICS
260
_b
KRISHNA PUB
260
_c
2013
300
_a
436
546
_a
ENGLISH
999
_c
29984
_d
29984